[Event "Wch Seniors 12th"]
[Site "Naumburg"]
[Date "2002.10.28"]
[Round "6"]
[White "Melzig, Ernst"]
[Black "Kuczmera, Manfred"]
[Result "0-1"]
[WhiteElo "1405"]
[BlackElo "1608"]
[PlyCount "74"]
[EventDate "2002.10.21"]
[EventType "swiss"]
[EventRounds "11"]
[EventCountry "GER"]
[SourceTitle "EXT 2006"]
[Source "ChessBase"]
[SourceDate "2005.11.24"]
[SourceVersion "1"]
[SourceVersionDate "2005.11.24"]
[SourceQuality "1"]

1. b4 e5 2. Bb2 Bxb4 3. Bxe5 Nf6 4. c4 Nc6 5. Bb2 0-0 6. e3 d5 7. cxd5 Nxd5 8. Bc4 Be6 9. Bxd5 Bxd5 10. Nf3 Bc4 11. Nd4 Nxd4 12. Bxd4 Qxd4 13. Nc3 Bxc3 14. Rc1 Bxd2+ 15. Qxd2 Qxd2+ 16. Kxd2 b5 17. Kc3 Rfd8 18. Rhd1 Kf8 19. a4 c6 20. axb5 cxb5 21. Rd2 Rxd2 22. Kxd2 Rd8+ 23. Ke1 Ke7 24. Ra1 Rd7 25. f4 Kd6 26. Kd2 Kc6+ 27. Kc2 Kb6 28. g4 a5 29. h4 b4 30. Re1 a4 31. e4 a3 32. Kb1 b3 33. Kc1 Bd3 34. Kd2 Bc2+ 35. Kc1 Rd1+ 36. Rxd1 Bxd1 37. Kxd1 a2 0-1

[Event "Wch Seniors 12th"]
[Site "Naumburg"]
[Date "2002.10.24"]
[Round "4"]
[White "Luecke, Volkmar"]
[Black "Kuczmera, Manfred"]
[Result "1-0"]
[WhiteElo "1890"]
[BlackElo "1608"]
[PlyCount "108"]
[EventDate "2002.10.21"]
[EventType "swiss"]
[EventRounds "11"]
[EventCountry "GER"]
[SourceTitle "EXT 2006"]
[Source "ChessBase"]
[SourceDate "2005.11.24"]
[SourceVersion "1"]
[SourceVersionDate "2005.11.24"]
[SourceQuality "1"]

1. Nf3 Nf6 2. g3 d5 3. Bg2 Bf5 4. 0-0 e6 5. d3 Be7 6. c4 c6 7. cxd5 exd5 8. Nbd2 0-0 9. b3 Nbd7 10. Bb2 Re8 11. h3 Qc7 12. Rc1 Bd6 13. Nd4 Bg6 14. Nb5 Qb8 15. Nxd6 Qxd6 16. Nf3 h6 17. Qd2 Rad8 18. e3 a6 19. Rfd1 Nf8 20. Qa5 Bf5 21. Ba3 Qb8 22. Nd4 Bh7 23. Qd2 Ne6 24. Bb2 Nxd4 25. Bxd4 Qd6 26. Qc3 Re7 27. Bxf6 Qxf6 28. Qxf6 gxf6 29. Kf1 Kf8 30. Ke2 f5 31. d4 f6 32. Kd2 Kf7 33. b4 Ke6 34. a4 Kd6 35. Rc3 Bg6 36. Rdc1 Bf7 37. Bf1 Be6 38. b5 axb5 39. axb5 Bd7 40. Ra1 cxb5 41. Rb3 Rc8 42. Bxb5 Bxb5 43. Rxb5 Rcc7 44. Raa5 Rc4 45. Rxd5+ Kc6 46. Rxf5 Rc7 47. Rfc5+ Rxc5 48. dxc5 Kd5 49. f4 Rxc5 50. Rxc5+ Kxc5 51. g4 Kd5 52. h4 Ke6 53. Kd3 Kf7 54. Kc4 h5 1-0

[Event "Wch Seniors 12th"]
[Site "Naumburg"]
[Date "2002.10.21"]
[Round "1"]
[White "Kuczmera, Manfred"]
[Black "Limberg, Siegfried"]
[Result "0-1"]
[WhiteElo "1608"]
[BlackElo "2128"]
[PlyCount "64"]
[EventDate "2002.10.21"]
[EventType "swiss"]
[EventRounds "11"]
[EventCountry "GER"]
[SourceTitle "EXT 2006"]
[Source "ChessBase"]
[SourceDate "2005.11.24"]
[SourceVersion "1"]
[SourceVersionDate "2005.11.24"]
[SourceQuality "1"]

1. d4 Nf6 2. Nc3 d5 3. Bg5 Nbd7 4. Nf3 g6 5. e3 Bg7 6. Be2 0-0 7. Qd2 c6 8. a4 Ne4 9. Qd1 f6 10. Bh4 Qa5 11. 0-0 Nxc3 12. bxc3 Qxc3 13. Bd3 e5 14. Be2 Qb4 15. Bg3 Qe7 16. c4 e4 17. Nd2 f5 18. cxd5 cxd5 19. Nb3 g5 20. h3 f4 21. Bh2 Rf6 22. Rc1 Nf8 23. Rc5 Be6 24. Bg4 b6 25. Rc1 Ng6 26. Nd2 Raf8 27. Nb1 fxe3 28. Rc7 exf2+ 29. Rxf2 Bxg4 30. hxg4 Rxf2 31. Rxe7 Rf1+ 32. Qxf1 Bxd4+ 0-1